Fundraising gyakorlatok a társadalom szolgálatában egy gyakorlati példa alapján

Bibliográfiai részletek
Szerző: Szücs Julianna
További közreműködők: Géring Dr. Zsuzsanna Margit
Dokumentumtípus: Diplomadolgozat
Kulcsszavak:CSR
kultúra
Magyarország
Online Access:http://dolgozattar.uni-bge.hu/9614

MARC

LEADER 00000nta a2200000 i 4500
001 dolg9614
005 20161219161455.0
008 161219suuuu hu om 000 hun d
040 |a BGE Dolgozattár Repozitórium  |b hun 
041 |a hu 
100 1 |a Szücs Julianna 
245 1 0 |a Fundraising gyakorlatok a társadalom szolgálatában egy gyakorlati példa alapján  |c Szücs Julianna  |h [elektronikus dokumentum] 
246 1 1 |a Fundraising gyakorlatok a társadalom szolgálatában  
695 |a CSR 
695 |a kultúra 
695 |a Magyarország 
700 1 |a Géring Dr. Zsuzsanna Margit  |e ths 
856 4 0 |u http://dolgozattar.uni-bge.hu/9614/2/fundraising_gyakorlatok_a_tarsadalom_szolgalataban_szucs_julianna_web.pdf  |z Dokumentum-elérés